Normal view MARC view

Entry Personal Name

Number of records used in: 2

001 - CONTROL NUMBER

  • control field: 56404

003 - CONTROL NUMBER IDENTIFIER

  • control field: dpl

005 - DATE AND TIME OF LATEST TRANSACTION

  • control field: 20230912124600.0

008 - FIXED-LENGTH DATA ELEMENTS

  • fixed length control field: 230912|| aca||aabn | a|a d

040 ## - CATALOGING SOURCE

  • Original cataloging agency: dpl
  • Transcribing agency: dpl

100 ## - HEADING--PERSONAL NAME

  • Personal name: सक्सेना , विजयलक्ष्मी

670 ## - SOURCE DATA FOUND

  • Source citation: Work cat.: (dpl)198021: सक्सेना , विजयलक्ष्मी , मुख्य समाजशास्त्रीय विचारक /, 2022

© Delhi Public Library
Hit Counter
free hit counter